[Event "Bad Soden op U18"]
[Site "Bad Soden"]
[Date "2019.10.04"]
[Round "4"]
[White "Koch, Laura"]
[Black "Schmetkamp, Ian"]
[Result "1-0"]
[WhiteElo "1020"]
[BlackElo "1129"]
[PlyCount "47"]
[EventDate "2019.10.03"]
[EventType "swiss"]
[EventRounds "9"]
[EventCountry "GER"]
[SourceTitle "EXT 2020"]
[Source "ChessBase"]
[SourceDate "2019.10.17"]
[SourceVersion "1"]
[SourceVersionDate "2019.10.17"]
[SourceQuality "1"]

1. e4 e5 2. Nf3 Nc6 3. d4 exd4 4. Nxd4 d6 5. Nc3 Nf6 6. Bb5 Bd7 7. 0-0 g6 8. Re1 Bg7 9. Bg5 0-0 10. a4 h6 11. Bf4 Nh5 12. Nde2 Qf6 13. Qd2 a6 14. Nd5 Qxb2 15. Bxc6 Bxc6 16. Nxc7 Rac8 17. Nd5 Rfe8 18. Bxd6 Rcd8 19. Reb1 Qxa1 20. Rxa1 Bxa1 21. Ba3 Rxe4 22. Ne7+ Kg7 23. Qxd8 Rxe2 24. Qd1 1-0

[Event "Bad Soden U14 op"]
[Site "Bad Soden"]
[Date "2017.10.01"]
[Round "3"]
[White "Gliesche, Joel"]
[Black "Koch, Laura"]
[Result "0-1"]
[WhiteElo "732"]
[BlackElo "774"]
[PlyCount "61"]
[EventDate "2017.09.30"]
[EventType "swiss"]
[EventRounds "9"]
[EventCountry "GER"]
[SourceTitle "EXT 2019"]
[Source "ChessBase"]
[SourceDate "2018.10.10"]
[SourceVersion "1"]
[SourceVersionDate "2018.10.10"]
[SourceQuality "1"]

1. e4 e5 2. Nf3 Nc6 3. Bc4 Nf6 4. d3 Bc5 5. b3 d5 6. Bb5 dxe4 7. dxe4 Qxd1+ 8. Kxd1 Nxe4 9. Nxe5 Nxf2+ 10. Ke2 Nxh1 11. Nxc6 bxc6 12. Bxc6+ Bd7 13. Bxa8 Ke7 14. Be4 Nf2 15. Nc3 Bd4 16. Be3 Bxc3 17. Rf1 Nxe4 18. Kd3 Bb5+ 19. Kxe4 Bxf1 20. a4 Kd6 21. Bxa7 Re8+ 22. Kf3 c5 23. Kf2 Be2 24. h3 Re6 25. g4 Bd4+ 26. Kg2 Re4 27. g5 Ke5 28. c3 Be3 29. b4 Kd5 30. b5 Rxa4 31. b6 0-1